| 000 | 01013nam a22001817a 4500 | ||
|---|---|---|---|
| 003 | OSt | ||
| 005 | 20251111153900.0 | ||
| 008 | 251111b |||||||| |||| 00| 0 eng d | ||
| 040 | _cDCL | ||
| 082 | _a၂၉၄.၃၈၂၃၅၂၃ | ||
| 130 |
_aတိပိဋက။ _pသုတ္တန္တပိဋက။ _pခုဒ္ဒကနိကာယ။ _t ထေရီဂါထာ၊ _lပါဠိတော်၊ _sနိဿယ။ |
||
| 245 |
_aထေရီဂါထာ ပါဠိတော်နိဿယ။ _cအသျှင်စာဂရမထေရ်။ |
||
| 264 |
_aရန်ကုန် ၊ _bမန္တလေးတောင်ပိဋကတ်စာပုံနှိပ်တိုက်၊ _c၂၀၁၆။ |
||
| 300 |
_a၁၁၁ စာမျက်နှာ ၊ _c၂၅ စင်တီ။ |
||
| 650 |
_aထေရီဂါထာ၊ _vပါဠိတော် နိဿယ။ |
||
| 700 | _aစာဂရမထေရ်၊ အသျှင် | ||
| 942 |
_2ddc _cSHORT TERM _n0 |
||
| 999 |
_c2451 _d2451 |
||